000 00543nam a22001937a 4500
005 20251108170836.0
008 250721s1988 xx 000 0 ara d
082 1 4 _a222/هال
100 1 _aهالسل، غريس
245 1 0 _aالفكر التوراتي و الحرب النوويه /
250 _aط3.
264 1 _aحمص :
_bدار الكندي،
_c1988.
300 _a259ص.
650 1 7 _aالتوراة
650 1 7 _aاليهود
700 1 _aعبله، عبد الهادي
_eترجمة
942 _2ddc
_cBK
999 _c50287
_d50287